00412nam a2200157Ia 450000500170000001000130001702000260003003700260005610000190008224500510010125000120015226000330016430000280019794200120022599900170023720140911125957.0 aBAC-EN21 a9788126531646c789.00 bAsian Book Centre/Ven aMays, Larry W. aWater Resource Engineering /cby Larry W. Mays a2nd ed. c2012aNew DelhibWiley India c24cm(pbk)a890p.:bill. cEN2ddc c88084d88084